01593 2200241 4500001002100000005001500021035002000036008004100056020001800097041000800115082001100123084001700134100002900151245005300180250001200233260004100245300002300286520093700309650002201246700003501268990002401303990002401327INLIS00000000000218720221022085335 a0010-0520002187221022 | | ind  a979-3594-12-8 aind a297.27 a297.27 AID b0 a'Aidh 'Abdullah Al-Qarni1 aBerperang Demi Allah /c'Aidh 'Abdullah Al-Qarni aCet. 1. aJakarta :bSahara Publishers,c2004. a167 hlm. ;c21 cm. aRoda kehidupan terus berputar dari waktu ke waktu,masa keemasan Islampun semakin menjauh dari umat Islam saat ini.Kaum muslim semakin mengalami kemerosotan dan kemunduran dalam berbagai bidang kehidupan,dan pemahaman mereka terhadap Al-Qur'an dan hadistpun semakin sirna.Laksana air mengalir, semakin ia mengalir jauh dari sumbernya maka semakin banyak kotoran yang ikut hanyut mengeruhkan kejerniannya. Buku ini menyoroti beberapa sisi kelebihan dan kelemahan yang ada pada umat islam namun seringkali mereka tidak menyadarinya sehingga memperlambat masa kebangkitan islam.Lewat pitikan-petikan ayat-ayat Al-Qur'an,hadits-hadits baginda rosul SAW,dan uraian-uraian singkat kisah kepahlawanan para sahabat dan salafusshaleh dalam membasmi kemungkaran,diharapkan dapat memberikan suatu pemahaman yang sedikit lebih jelas terutama tentang satu kewajiban jihad,demi untuk menegakan dan membela panji kalimat tauhid agar terus berkibar. 4a1. Islam & Perang0 aAhmad Faruk Zaini (Penerjemah) a00192/MKRI-P/I-2005 a00192/MKRI-P/I-2005